| 000 | 00671nam a2200169Ia 4500 | ||
|---|---|---|---|
| 003 | GCL | ||
| 008 | 140319s9999 xx 000 0 ara d | ||
| 040 |
_aGCL / _cGCL |
||
| 082 | 0 | 4 |
_a915 _bم خ |
| 100 | 1 | _aمجموعة من الأساتذه الجامعيين | |
| 245 | 1 | 0 |
_aالخليج العربى : دراسات تاريخية وجغرافية منذ أقدم العصور حتى الوقت الراهن / _cمجموعة من الأساتذه الجامعيين |
| 490 |
_a100 قصة _v0 |
||
| 650 | 0 | 4 | _aالجغرافيا الطبيعية |
| 650 | 0 | 4 | _aالجغرافيا التاريخية |
| 650 | 0 | 4 | _aالخليج العربى - تاريخ |
| 942 |
_2ddc _cBK |
||
| 999 |
_c43999 _d43999 |
||